Normal view
MARC view
- Twain. M
Entry Personal Name
001 - CONTROL NUMBER
- control field: 5648
003 - CONTROL NUMBER IDENTIFIER
- control field: OSt
005 - DATE AND TIME OF LATEST TRANSACTION
- control field: 20180129152314.0
008 - FIXED-LENGTH DATA ELEMENTS
- fixed length control field: 180129|| aca||aabn | a|a d
040 ## - CATALOGING SOURCE
- Original cataloging agency: OSt
- Transcribing agency: OSt
100 ## - HEADING--PERSONAL NAME
- Personal name: Twain. M
670 ## - SOURCE DATA FOUND
- Source citation: Work cat.: (OSt): Twain. M, The prince and the Pauper, 1998